[Event "GER-ch internet U18"]
[Site "Playchess.com INT"]
[Date "2004.03.14"]
[Round "5"]
[White "Lammers, Markus"]
[Black "Siebrecht, Marco"]
[Result "1-0"]
[WhiteElo "2252"]
[BlackElo "1713"]
[PlyCount "77"]
[EventDate "2004.03.14"]
[EventType "swiss (blitz)"]
[EventRounds "7"]
[EventCountry "GER"]
[SourceTitle "EXT 2005"]
[Source "ChessBase"]
[SourceDate "2004.11.15"]
[SourceVersion "1"]
[SourceVersionDate "2004.11.15"]
[SourceQuality "1"]

1. e4 d5 2. exd5 Qxd5 3. Nc3 Qa5 4. d4 c6 5. Nf3 Nf6 6. Bd2 Bg4 7. h3 Bxf3 8. Qxf3 e6 9. Ne4 Qd8 10. Nxf6+ Qxf6 11. Qb3 b6 12. 0-0-0 Bd6 13. Bd3 Qxd4 14. Bc3 Qf4+ 15. Kb1 Be5 16. g3 Qf6 17. Bxe5 Qxe5 18. Rhe1 Qf6 19. Be4 0-0 20. Rd6 Qxf2 21. Red1 Na6 22. Bxc6 Nc5 23. Qb4 Rac8 24. Qh4 a5 25. a3 Qf6 26. Qg4 Rfd8 27. Bb5 Rxd6 28. Rxd6 Nb7 29. Rxb6 Nc5 30. Qc4 Qf2 31. Rc6 Rxc6 32. Bxc6 Qe1+ 33. Ka2 Qe5 34. b4 Na6 35. Qxa6 g6 36. Qc4 Kg7 37. b5 Qe3 38. Kb2 Qxg3 39. Qc3+ 1-0

[Event "GER-ch internet U18"]
[Site "Playchess.com INT"]
[Date "2004.03.14"]
[Round "3"]
[White "Zwahr, Paul"]
[Black "Siebrecht, Marco"]
[Result "1-0"]
[WhiteElo "2241"]
[BlackElo "1683"]
[PlyCount "67"]
[EventDate "2004.03.14"]
[EventType "swiss (blitz)"]
[EventRounds "7"]
[EventCountry "GER"]
[SourceTitle "EXT 2005"]
[Source "ChessBase"]
[SourceDate "2004.11.15"]
[SourceVersion "1"]
[SourceVersionDate "2004.11.15"]
[SourceQuality "1"]

1. e4 d5 2. exd5 Qxd5 3. Nc3 Qa5 4. d4 c6 5. Bd2 Nf6 6. h3 Bf5 7. g4 Be6 8. Bg2 Qc7 9. Qe2 Nd5 10. Nxd5 Bxd5 11. Bxd5 cxd5 12. 0-0-0 e6 13. f4 Nc6 14. Nf3 0-0-0 15. Kb1 Bd6 16. Rhf1 g6 17. c3 Rde8 18. Ne5 f6 19. Nd3 b6 20. Rde1 e5 21. fxe5 fxe5 22. dxe5 Nxe5 23. Nxe5 Rxe5 24. Qd3 Rhe8 25. Rxe5 Rxe5 26. Bf4 Re4 27. Bxd6 Qxd6 28. Qa6+ Kc7 29. Qxa7+ Kc6 30. Qa8+ Kb5 31. b3 Re7 32. Rd1 Qe5 33. Rxd5+ Qxd5 34. Qxd5+ 1-0